书目信息 |
| 题名: |
网络、群体与市场
|
|
| 作者: | 乔恩·克莱因伯格 , 大卫·伊斯利 著 ;王卫红 , 李晓明 , 杨韫利 译 | |
| 分册: | ||
| 出版信息: | 北京 清华大学出版社 2016.01 |
|
| 页数: | 511页 | |
| 开本: | 26cm | |
| 丛书名: | ||
| 单 册: | ||
| 中图分类: | F20 , TP393 | |
| 科图分类: | ||
| 主题词: | 计算机网络--研究--经济行为--关系 | |
| 电子资源: | ||
| ISBN: | 978-7-302-26417-0 | |
| 000 | 01261nam0 2200301 450 | |
| 001 | 676 | |
| 005 | 20160908095154.73 | |
| 010 | @a978-7-302-26417-0@dCNY69.00 | |
| 100 | @a20111012d2016 em y0chiy50 ea | |
| 101 | 1 | @achi@ceng |
| 102 | @aCN@b110000 | |
| 105 | @ay z 000yy | |
| 200 | 1 | @a网络、群体与市场@9wang luo qun ti yu shi chang@e揭示高度互联世界的行为原理与效应机制@f(美)大卫·伊斯利(David Easiey),(美)乔恩·克莱因伯格(Jon Kleinberg)著@g李晓明,王卫红,杨韫利译 |
| 210 | @a北京@c清华大学出版社@d2016.01 | |
| 215 | @a511页@d26cm | |
| 330 | @a本书内容有:图论与社会网络;博弈论;网络中的市场与策略性互动;信息网络与万维网;网络动力学:总体模型;网络动力学:结构模型等。 | |
| 333 | @a本科生及相关领域的高层次读者 | |
| 517 | 1 | @a揭示高度互联世界的行为原理与效应机制@9jie shi gao du hu lian shi jie de xing wei yuan li yu xiao ying ji zhi |
| 606 | 0 | @a计算机网络@x研究@x经济行为@x关系 |
| 690 | @aF20@v4 | |
| 690 | @aTP393@v4 | |
| 701 | 0 | @a乔恩·克莱因伯格@9qiao en ke lai yin bai ge@c(美)@4著 |
| 701 | 0 | @a大卫·伊斯利@9da wei yi si li@c(美)@4著 |
| 702 | 0 | @a王卫红@9wang wei hong@4译 |
| 702 | 0 | @a李晓明@9li xiao ming@4译 |
| 702 | 0 | @a杨韫利@9yang yun li@4译 |
| 801 | 0 | @aCN@b唐山师范学院图书馆@c20160723 |
| 905 | @aZUCC@dF20@e91 | |
| 网络、群体与市场:揭示高度互联世界的行为原理与效应机制/(美)大卫·伊斯利(David Easiey),(美)乔恩·克莱因伯格(Jon Kleinberg)著/李晓明,王卫红,杨韫利译.-北京:清华大学出版社,2016.01 |
| 511页;26cm |
| 使用对象:本科生及相关领域的高层次读者 |
| ISBN 978-7-302-26417-0:CNY69.00 |
| 本书内容有:图论与社会网络;博弈论;网络中的市场与策略性互动;信息网络与万维网;网络动力学:总体模型;网络动力学:结构模型等。 |
| ● |
| 相关链接 |
|
|
|
|
正题名:网络、群体与市场
索取号:F20/91
 
预约/预借
| 序号 | 登录号 | 条形码 | 馆藏地/架位号 | 状态 | 备注 |
| 1 | 902920 | 209029200 | 第一样本阅览室/ [索取号:F20/91] | 在馆 | |
| 2 | 902921 | 209029219 | 第一借阅区/ [索取号:F20/91] | 在馆 | |
| 3 | 902922 | 209029228 | 第一借阅区/ [索取号:F20/91] | 在馆 | |
| 4 | 902923 | 209029237 | 第一借阅区/ [索取号:F20/91] | 在馆 | |
| 5 | 902924 | 209029246 | 第一借阅区/ [索取号:F20/91] | 在馆 |